000
00321nam a22001457a 4500
008
221202b ||||| |||| 00| 0 eng d
020
_a
9781416023845
041
_a
eng
080
_a
61
082
_a
61
100
_a
4
101
_a
MJEK
245
_a
EVIDWNCE BASED MANUAL MEDICINE
_c
SEFFINGER A.M
942
_2
udc
_c
BK
999
_c
59069
_d
59069